ՀՀ Գիտությունների ազգային ակադեմիայի հիմնարար գիտական գրադարան  =   Fundamental Scientific Library of NAS RA

Կառավարման համակարգերի տարրերի փորձարկում և արդյունքների վերլուծություն ։ (Record no. 541929)

MARC details
000 -LEADER
fixed length control field 01125nam a22002297a 4500
003 - CONTROL NUMBER IDENTIFIER
control field AM-YEHGA
005 - DATE AND TIME OF LATEST TRANSACTION
control field 20260403152021.0
008 - FIXED-LENGTH DATA ELEMENTS--GENERAL INFORMATION
fixed length control field 260313s2025 ai a|||| |||| 00| 0|arm|d
020 ## - INTERNATIONAL STANDARD BOOK NUMBER
International Standard Book Number 978-9939-79-333-7
040 ## - CATALOGING SOURCE
Original cataloging agency AM-YEHGA
041 0# - LANGUAGE CODE
Language code of text/sound track or separate title arm
001 - CONTROL NUMBER
control field 2053573
245 00 - TITLE STATEMENT
Title Կառավարման համակարգերի տարրերի փորձարկում և արդյունքների վերլուծություն ։
Remainder of title Լաբորատոր աշխատանքների կատարման մեթոդական ցուցումներ /
Statement of responsibility, etc. ՀԱՊՀ; Կազմ․՝ Հ․Գ․ Դարբինյան, Ա․Գ․ Առաքելյան․
260 ## - PUBLICATION, DISTRIBUTION, ETC.
Place of publication, distribution, etc. Երևան ։
Name of publisher, distributor, etc. Ճարտարագետ,
Date of publication, distribution, etc. 2025․
300 ## - PHYSICAL DESCRIPTION
Extent 40 էջ ։
Other physical details նկ․
650 14 - SUBJECT ADDED ENTRY--TOPICAL TERM
Topical term or geographic name entry element Կառավարման համակարգեր
9 (RLIN) 130
650 14 - SUBJECT ADDED ENTRY--TOPICAL TERM
Topical term or geographic name entry element Ուղղաթիռային համակարգ
700 1# - ADDED ENTRY--PERSONAL NAME
Personal name Դարբինյան, Հայկանուշ Գուրգենի
Relator term կազմ․
Relationship com
700 1# - ADDED ENTRY--PERSONAL NAME
Personal name Առաքելյան, Արուսյակ Գեղամի
Relator term կազմ․
Relationship com
710 2# - ADDED ENTRY--CORPORATE NAME
Corporate name or jurisdiction name as entry element Հայաստանի ազգային պոլիտեխնիկական համալսարան
942 ## - ADDED ENTRY ELEMENTS (KOHA)
Source of classification or shelving scheme Universal Decimal Classification
Koha item type Գրքեր / Books
Holdings
Withdrawn status Lost status Source of classification or shelving scheme Damaged status Not for loan Collection Home library Current library Date acquired Total checkouts Full call number Barcode Date last seen Price effective from Koha item type Public note
    Universal Decimal Classification     General Fundamental Scientific Library Fundamental Scientific Library 13/03/2026   Բր 22095 FL0704581 13/03/2026 13/03/2026 Գրքեր / Books 30 Days Loan
    Universal Decimal Classification     General Fundamental Scientific Library Fundamental Scientific Library 13/03/2026   Բր 22096 FL0704582 13/03/2026 13/03/2026 Գրքեր / Books 30 Days Loan


ՀՀ ԳԱԱ հիմնարար գիտական գրադարան
ՀՀ,Երևան 0019
Մարշալ Բաղրամյան 24/6
հեռախոս:(374-10) 52-47-50
Հետադարձ կապ

All site content, except where otherwise noted, is licensed under a
Creative Commons License